| 000 | 00594nam a2200205Ia 4500 | ||
|---|---|---|---|
| 003 | OSt | ||
| 005 | 20260511154622.0 | ||
| 008 | 210210b1993 xxu||||| |||| 00| 0 eng d | ||
| 040 | _cAL | ||
| 041 | _aKannada | ||
| 082 | _a914.204K RAMI | ||
| 100 |
_aRAMASVAMI (S). _dರಾಮಸ್ವಾಮಿ (ಎಸ್) _9263769 |
||
| 245 |
_aEnglandinalli alemari. _bಇಂಗ್ಲೆಂಡಿನಲ್ಲಿ ಅಲೆಮಾರಿ. |
||
| 260 |
_aBengaluru _bIla Prakashana _c1993 |
||
| 300 | _axii,177 | ||
| 650 |
_aEngland _9263770 |
||
| 690 |
_aTravel _9263771 |
||
| 906 | _a048221 | ||
| 942 |
_2ddc _cBK |
||
| 999 |
_c97258 _d97258 |
||